000 00904nam a22002777a 4500
001 00123
003 DO-SdBNP
005 20180220112916.0
007 00123
008 160520b 1993 sp | |||| 00| 0 spa d
020 _a8434830906
040 _aBPMSU
_bspa
_cBPMSU
100 _aVieira, Alice
_b
_d 1943-
245 _aA vueltas con mi nombre /
_cAlice Vieira ; ilustraciones Mónica Echevarría ; traducción Maribel López Habela y José Antonio Barriuso Ovejero.
250 _a3a. ed.
260 _aMadrid :
_bEdiciones SM,
_c1993
300 _a133 p. :
_bil. ;
_c20 cm.
490 _aEl barco de vapor
_v56
700 _a Echevarría, Mónica
_e tr.
700 _a López Habela, Maribel
_eil.
700 _aBarriuso Ovejero, Antonio
_eil.
830 _aEl barco de vapor
_v56
942 _2ddc
_cBK
945 _aInventariado, 2018 / BT
956 _8VMATEO
_a10
_b20160520
_cBPMSU
_d0069
999 _c10189
_d10189